| 000 | 00573cam a2200217 4500 | ||
|---|---|---|---|
| 001 | B2337 | ||
| 008 | 090401t1989 xxu||||| |||| 00| 0 eng d | ||
| 035 | _a(Sirsi) u49427 | ||
| 041 | _aeng | ||
| 050 | _a333.3370942132 | ||
| 110 |
_aDebenham Tewson and Chinnocks _93135 |
||
| 245 | _aNorthern quarter : a market summary. - May 1989 | ||
| 260 |
_aLondon _bDebenham Tewson and Chinnocks _c1989 |
||
| 300 | _a20p. : ill. ; 21x25cm. | ||
| 350 | _a0 | ||
| 650 | _aOFFICES | ||
| 650 | _aWEST END OF LONDON | ||
| 650 | _aWESTMINSTER | ||
| 942 | _n0 | ||
| 948 | _c04/03/1997 | ||
| 999 |
_c92561 _d92561 |
||